Modern Econnomics (Record no. 2486)

MARC details
000 -LEADER
fixed length control field 00412nam a2200157Ia 4500
008 - FIXED-LENGTH DATA ELEMENTS--GENERAL INFORMATION
fixed length control field 230312s9999||||xx |||||||||||||| ||und||
020 ## - INTERNATIONAL STANDARD BOOK NUMBER
International Standard Book Number 0-333-73165-4
082 ## - DEWEY DECIMAL CLASSIFICATION NUMBER
Classification number 330
Item number HAR-M
100 ## - MAIN ENTRY--PERSONAL NAME
Personal name Harvey Jack
245 #0 - TITLE STATEMENT
Title Modern Econnomics
260 ## - PUBLICATION, DISTRIBUTION, ETC.
Name of publisher, distributor, etc. Palgrave
Place of publication, distribution, etc. New York
Date of publication, distribution, etc. 1988
300 ## - PHYSICAL DESCRIPTION
Extent 548
546 ## - LANGUAGE NOTE
Language note Eng.
650 ## - SUBJECT ADDED ENTRY--TOPICAL TERM
Topical term or geographic name entry element Economics
Form subdivision What Economics is about ? Methods of Allocating Resources
942 ## - ADDED ENTRY ELEMENTS (KOHA)
Koha item type BOOK

No items available.

Powered by Koha